000 00897nam a2200253 a 4500
001 5784
003 Mx-PuUPA
005 20250829090947.0
008 140415s1972 mx a gr 001 0 spa d
040 _aMx-PuUPA
_bspa
_cMx-PuUPA
_dMx-PuUPA
_erda
041 0 _aspa
100 1 _aVerduzco Villarreal, Jerónimo,
_d1924-
_cFray
_917369
_eautor
245 1 0 _aMadre de América :
_bpoesía /
_cFray Jerónimo Verduzco ; prólogo de Alberto Valenzuela Rodarte
264 1 _aPuebla, México :
_bFray Jerónimo Verduzco,
_c1972
300 _a159 páginas :
_bilustraciones ;
_c23 cm
336 _2rdacontent
_atexto
_btxt
337 _2rdamedia
_asin medio
_bn
338 _2rdacarrier
_avolumen
_bnc
650 7 _aPoesía religiosa
_2armarc
700 1 _aValenzuela Rodarte, Alberto,
_eautor de prólogo
942 _2ddc
_cLI
_h808.815
_iV47
999 _c5784
_d5784